Statistiques concernant Recette géographique #1 - l'opéra

Cliquez ici pour prendre le quiz!

Statistiques générales

  • Ce quiz a été pris 65 fois
  • Le résultat moyen est 4 sur 8

Réponses sur la Carte

Les réponses sont colorées sur une échelle allant du rouge au vert en fonction du pourcentage des utilisateurs qui les ont devinées à leur premier essai. Vous pouvez retrouver ces pourcentages ci-dessous.
 

Statistiques - réponses

IngrédientsPays% Correct
Farine (blé)Chine
78%
CaféBrésil
67%
SucreBrésil
64%
ŒufsChine
55%
Poudre d'amandes
(amandes)
Etats-Unis
40%
Chocolat (cacao)Côte d'Ivoire
34%
BeurreInde
28%
Crème fraîcheAllemagne
22%

Distribution des résultats

Percentile par nombre de réponses

% des personnes avec chaque résultat

Votre développement - résultats

Vous n’avez pas pris ce quiz